All College Football Champions - Statistics

General Stats
  • This quiz has been taken 66 times
    22 since last reset
  • The average score is 111 of 157
Answer Stats
Hint Answer % Correct
1925 | 1979 | 1992 | +6 others Alabama
100%
1965 Michigan State, Alabama
100%
1973 Notre Dame, Alabama
100%
1942 | 1968 | 2002 | +2 others Ohio State
100%
1980 | 2021 | 2022 Georgia
95%
2025 Indiana
95%
1981 | 2016 | 2018 Clemson
90%
1923 Illinois, Michigan
90%
2007 | 2019 LSU
90%
1901 | 1902 | 1933 | +2 others Michigan
90%
1983 | 1987 | 1989 | 2001 Miami
85%
1963 | 1969 | 2005 Texas
85%
1991 Washington, Miami
85%
1964 Alabama, Arkansas, Notre Dame
80%
1930 Alabama, Notre Dame
80%
1875 | 1890 | 1898 | +2 others Harvard
80%
1927 Illinois, Yale
80%
1924 | 1929 | 1943 | +5 others Notre Dame
80%
1880 Princeton, Yale
80%
1874 | 1876 | 1877 | +13 others Yale
80%
2010 Auburn
75%
1996 | 2006 | 2008 Florida
75%
1993 | 1999 | 2013 Florida State
75%
1952 Michigan State
75%
1957 Ohio State, Auburn
75%
1982 | 1986 Penn State
75%
1922 California, Cornell, Princeton
70%
1896 Lafayette, Princeton
70%
1997 Michigan, Nebraska
70%
1903 Michigan, Princeton
70%
1971 | 1994 | 1995 Nebraska
70%
1950 | 1955 | 1956 | +3 others Oklahoma
70%
1911 Penn State, Princeton
70%
1870 | 1872 | 1873 | +6 others Princeton
70%
1974 Southern California, Oklahoma
70%
1934 | 1935 | 1936 | +2 others Minnesota
65%
1869 Rutgers
65%
1951 | 1998 Tennessee
65%
1978 Alabama, Southern California
60%
2003 LSU, Southern California
60%
1931 | 1932 | 1962 | +2 others Southern California
60%
2004 Southern California*
60%
1914 | 1944 | 1945 Army
55%
1919 Harvard, Illinois, Notre Dame, Texas A&M
55%
1960 Minnesota, Mississippi
55%
1939 Texas A&M
55%
1938 Texas Christian
55%
1990 Colorado, Georgia Tech
50%
1917 | 1928 Georgia Tech
50%
1910 Harvard, Pittsburgh
50%
1958 LSU, Iowa
50%
1953 Maryland
50%
1918 Michigan, Pittsburgh
50%
1916 | 1937 | 1976 Pittsburgh
50%
1915 Cornell
45%
1984 Brigham Young
40%
1920 California
40%
1905 Chicago
40%
1959 Syracuse
40%
1926 Alabama, Stanford
35%
1961 Alabama, Ohio State
25%
1921 California, Cornell
20%
1912 Harvard, Penn State
20%
1908 LSU, Pennsylvania
20%
1904 Michigan, Pennsylvania
20%
1970 Nebraska, Texas, Ohio State
20%
1895 | 1897 Pennsylvania
20%
1954 UCLA, Ohio State
20%
1966 Notre Dame, Michigan State
15%
1871 None
10%
No matching quizzes found
Score Distribution
Percent of People with Each Score
Percentile by Number Answered
Your Score History
You have not taken this quiz since the last reset